[Event "BUL-ch op (Women)"]
[Site "Vratsa"]
[Date "2014.07.25"]
[Round "7"]
[White "Tsekova, Viktoria"]
[Black "Antova, Gabriela"]
[Result "1/2-1/2"]
[WhiteElo "1879"]
[BlackElo "1876"]
[PlyCount "98"]
[EventDate "2014.07.21"]
[EventType "swiss"]
[EventRounds "7"]
[EventCountry "BUL"]
[SourceTitle "CBM 161 Extra"]
[Source "ChessBase"]
[SourceDate "2014.08.29"]
[SourceVersion "1"]
[SourceVersionDate "2014.08.29"]
[SourceQuality "1"]

1. Nf3 c5 2. c4 d6 3. d4 cxd4 4. Nxd4 g6 5. g3 Bg7 6. Bg2 Nf6 7. Nc3 Qb6 8. Be3 Qa5 9. Qb3 Nbd7 10. Bxb7 Bxb7 11. Qxb7 Rb8 12. Qc6 0-0 13. Qa4 Qb6 14. Nb3 Qb7 15. 0-0 a6 16. Rab1 Ng4 17. Na5 Qc8 18. Nc6 Bf6 19. Nd5 Kg7 20. Nxb8 Nxb8 21. Nxf6 Nxe3 22. fxe3 exf6 23. Qb4 Qe6 24. Qc3 Nd7 25. b4 Rc8 26. Rbc1 Ne5 27. Qd4 Rxc4 28. Rxc4 Nxc4 29. e4 Ne5 30. a4 Qh3 31. e3 Ng4 32. Qd2 Qh5 33. Qe2 Qg5 34. b5 axb5 35. axb5 Nxe3 36. Rf4 Qc5 37. h3 Nd5+ 38. Rf2 Nc3 39. Qf3 Qd4 40. b6 Nxe4 41. b7 Nxf2 42. Qxf2 Qd1+ 43. Kh2 Qb3 44. Qa7 Qc2+ 45. Kg1 Qd1+ 46. Kg2 Qe2+ 47. Kg1 Qe1+ 48. Kg2 Qe2+ 49. Kg1 Qe1+ 1/2-1/2

[Event "BUL-ch op (Women)"]
[Site "Vratsa"]
[Date "2014.07.22"]
[Round "3"]
[White "Maksimovic, Suzana"]
[Black "Tsekova, Viktoria"]
[Result "1-0"]
[WhiteElo "2227"]
[BlackElo "1879"]
[PlyCount "75"]
[EventDate "2014.07.21"]
[EventType "swiss"]
[EventRounds "7"]
[EventCountry "BUL"]
[SourceTitle "CBM 161 Extra"]
[Source "ChessBase"]
[SourceDate "2014.08.29"]
[SourceVersion "1"]
[SourceVersionDate "2014.08.29"]
[SourceQuality "1"]

1. d4 Nf6 2. c4 g6 3. Nc3 d5 4. cxd5 Nxd5 5. Bd2 Nb6 6. Bf4 Bg7 7. e3 0-0 8. Rc1 c5 9. dxc5 N6d7 10. Bxb8 Rxb8 11. b4 Ne5 12. Nf3 Qxd1+ 13. Nxd1 Nxf3+ 14. gxf3 Be6 15. Bc4 Bh3 16. Ke2 Rfd8 17. Nc3 a6 18. Rhg1 Kf8 19. Ne4 h6 20. Rgd1 Be5 21. f4 Bb2 22. Rb1 Rxd1 23. Rxd1 Ba3 24. Rb1 Bf5 25. f3 Bxe4 26. fxe4 a5 27. bxa5 Bxc5 28. a6 b6 29. Bd5 b5 30. Rc1 Bb6 31. Rc6 Ba7 32. Rc7 Bb6 33. Rd7 e6 34. Bb7 f6 35. e5 fxe5 36. fxe5 Ba7 37. Be4 Bc5 38. a7 1-0

[Event "Sofia-ch U26"]
[Site "Sofia"]
[Date "2013.11.09"]
[Round "4"]
[White "Sirkova, Darena"]
[Black "Tsekova, Viktoria"]
[Result "1-0"]
[WhiteElo "1951"]
[BlackElo "1887"]
[PlyCount "63"]
[EventDate "2013.11.06"]
[EventType "swiss"]
[EventRounds "7"]
[EventCountry "BUL"]
[SourceTitle "EXT 2015"]
[Source "ChessBase"]
[SourceDate "2014.11.20"]
[SourceVersion "1"]
[SourceVersionDate "2014.11.20"]
[SourceQuality "1"]

1. c4 c5 2. Nc3 Nf6 3. Nf3 g6 4. e4 Nc6 5. d4 cxd4 6. Nxd4 d6 7. Be2 Bg7 8. Nc2 0-0 9. Be3 Bd7 10. Qd2 Re8 11. Bh6 Bh8 12. h4 Rc8 13. h5 Ne5 14. hxg6 fxg6 15. Ne3 Qa5 16. Rc1 a6 17. a3 b5 18. b4 Qd8 19. cxb5 axb5 20. f4 Neg4 21. Nxg4 Nxg4 22. f5 Ne5 23. Nxb5 Rxc1+ 24. Qxc1 Qb6 25. a4 Rc8 26. Qd2 Bxb5 27. Qd5+ Nf7 28. fxg6 Bc3+ 29. Kf1 Be8 30. Bc4 Rxc4 31. Qxc4 Qxb4 32. gxf7+ 1-0

[Event "Vratsa op (Women)"]
[Site "Vratsa"]
[Date "2013.07.19"]
[Round "6"]
[White "Stefanova, Milena"]
[Black "Tsekova, Viktoria"]
[Result "1-0"]
[WhiteElo "1989"]
[BlackElo "1885"]
[PlyCount "143"]
[EventDate "2013.07.15"]
[EventType "swiss"]
[EventRounds "9"]
[EventCountry "BUL"]
[SourceTitle "CBM 155 Extra"]
[Source "ChessBase"]
[SourceDate "2013.08.26"]
[SourceVersion "1"]
[SourceVersionDate "2013.08.26"]
[SourceQuality "1"]

1. e4 e5 2. Nf3 Nf6 3. Nxe5 d6 4. Nf3 Nxe4 5. d4 d5 6. Bd3 Nc6 7. 0-0 Be7 8. c4 Nb4 9. Be2 0-0 10. a3 Nc6 11. cxd5 Qxd5 12. Nc3 Nxc3 13. bxc3 Bf5 14. c4 Qe4 15. Be3 Bf6 16. Ra2 Rad8 17. Rd2 Ne7 18. Qb3 b6 19. d5 Ng6 20. Bd3 Qg4 21. h3 Qh5 22. Be2 Ne7 23. g4 Qg6 24. Kh2 Be4 25. Bf4 Bxf3 26. Qxf3 Bg5 27. Rfd1 Bxf4+ 28. Qxf4 Qd6 29. Qg3 Ng6 30. Rd4 Rfe8 31. R1d2 Qxg3+ 32. Kxg3 Re5 33. Bf3 Nf8 34. c5 bxc5 35. Ra4 c6 36. d6 Re6 37. d7 Rxd7 38. Rxd7 Nxd7 39. Rxa7 Rd6 40. Ra8+ Nf8 41. Kf4 c4 42. Ra4 Ne6+ 43. Ke5 Rd3 44. Ra8+ Nf8 45. Bxc6 c3 46. Ba4 Rd2 47. Rc8 Rxf2 48. Rxc3 f6+ 49. Kd6 Rd2+ 50. Kc7 Ne6+ 51. Kb6 g6 52. Bb3 Re2 53. a4 Kg7 54. Bxe6 Rxe6+ 55. Kb7 h5 56. a5 hxg4 57. hxg4 Re4 58. Rg3 Rb4+ 59. Kc6 Ra4 60. Kb5 Ra1 61. a6 Kh6 62. Rb3 Kg5 63. Rb4 Rxa6 64. Kxa6 f5 65. gxf5 gxf5 66. Kb5 f4 67. Kc4 Kg4 68. Rb3 f3 69. Kd3 Kg3 70. Ke3 f2 71. Ke2+ Kg2 72. Rf3 1-0

[Event "Vratsa op (Women)"]
[Site "Vratsa"]
[Date "2013.07.17"]
[Round "3"]
[White "Tsekova, Viktoria"]
[Black "Gospodinova, Nikoleta"]
[Result "1-0"]
[WhiteElo "1885"]
[BlackElo "1532"]
[PlyCount "66"]
[EventDate "2013.07.15"]
[EventType "swiss"]
[EventRounds "9"]
[EventCountry "BUL"]
[SourceTitle "CBM 155 Extra"]
[Source "ChessBase"]
[SourceDate "2013.08.26"]
[SourceVersion "1"]
[SourceVersionDate "2013.08.26"]
[SourceQuality "1"]

1. Nf3 d5 2. c4 e6 3. g3 Nf6 4. Bg2 g6 5. 0-0 Bg7 6. d4 0-0 7. Nbd2 Nbd7 8. Qc2 c6 9. Rd1 Nb6 10. Ne5 Nfd7 11. Nxd7 Bxd7 12. c5 Nc8 13. Nf3 Ne7 14. Bf4 Nf5 15. Qd2 Re8 16. Ne5 Bc8 17. g4 Nh4 18. g5 Nf5 19. Rac1 Qe7 20. Rc3 f6 21. Ng4 Nxd4 22. Bd6 Qd8 23. gxf6 Nb5 24. Rf3 Nxd6 25. cxd6 Rf8 26. fxg7 Rxf3 27. Bxf3 e5 28. Nxe5 Qxd6 29. Qf4 Be6 30. Nd3 Qe7 31. Qe5 Qf7 32. Nf4 Bd7 33. Nxd5 Re8 1-0

[Event "Vratsa op (Women)"]
[Site "Vratsa"]
[Date "2013.07.16"]
[Round "2"]
[White "Tsekova, Viktoria"]
[Black "Vasileva, Veronika"]
[Result "1-0"]
[WhiteElo "1885"]
[BlackElo "1771"]
[PlyCount "133"]
[EventDate "2013.07.15"]
[EventType "swiss"]
[EventRounds "9"]
[EventCountry "BUL"]
[SourceTitle "CBM 155 Extra"]
[Source "ChessBase"]
[SourceDate "2013.08.26"]
[SourceVersion "1"]
[SourceVersionDate "2013.08.26"]
[SourceQuality "1"]

1. Nf3 Nf6 2. g3 g6 3. c4 d5 4. Bg2 Bg7 5. 0-0 0-0 6. cxd5 Nxd5 7. d4 Nb6 8. Nc3 Nc6 9. d5 Na5 10. e4 c6 11. Bf4 cxd5 12. Nxd5 Nxd5 13. exd5 Nc4 14. Qb3 Nd6 15. Rfe1 b6 16. Be5 f6 17. Bc3 Kh8 18. Nd4 Bd7 19. Bb4 Rc8 20. Rad1 Bg4 21. f3 Bd7 22. Bf1 b5 23. Qa3 Qb6 24. Ba5 Qb7 25. Rxe7 Nc4 26. Bxc4 Rxc4 27. Ne6 b4 28. Qd3 Rfc8 29. Rxg7 Qb5 30. Rf7 Bxe6 31. dxe6 Qc5+ 32. Kg2 Rc2+ 33. Rd2 Rxd2+ 34. Qxd2 Qxa5 35. e7 Kg8 36. Rxf6 Qe5 37. Rf4 Qxe7 38. Rxb4 Rd8 39. Rd4 Re8 40. Kf2 Qc5 41. b4 Qb6 42. Kg2 Qa6 43. Rd8 Rxd8 44. Qxd8+ Kf7 45. Qd5+ Kg7 46. Kf2 Qa4 47. Qb3 Qd7 48. Qb2+ Kg8 49. b5 Qh3 50. Kg1 Qf5 51. Kg2 Qc5 52. a4 Qb6 53. Qb4 Qe6 54. Qd2 Qb6 55. Qd5+ Kg7 56. f4 Qa5 57. Qd4+ Kg8 58. Kf3 Qc7 59. Qd5+ Kf8 60. Qc6 Qf7 61. Qc5+ Kg8 62. Qe5 Qb3+ 63. Kg4 Qxa4 64. Kg5 Qc2 65. Kf6 Qc8 66. Qe6+ Qxe6+ 67. Kxe6 1-0

[Event "BUL-chT-A (Women) 62nd"]
[Site "Sunny Beach"]
[Date "2012.09.19"]
[Round "1.3"]
[White "Tsekova, Viktoria"]
[Black "Chilingirova, Pavlina"]
[Result "1-0"]
[WhiteElo "1842"]
[BlackElo "2111"]
[PlyCount "75"]
[EventDate "2012.09.19"]
[EventType "team-tourn"]
[EventRounds "7"]
[EventCountry "BUL"]
[SourceTitle "CBM 150 Extra"]
[Source "ChessBase"]
[SourceDate "2012.10.19"]
[SourceVersion "1"]
[SourceVersionDate "2012.10.19"]
[SourceQuality "1"]
[WhiteTeam "Blagoevgrad Victory (W)"]
[BlackTeam "Plovdiv Lokomotiv (W)"]
[WhiteTeamCountry "BUL"]
[BlackTeamCountry "BUL"]

1. Nf3 c5 2. g3 Nc6 3. c4 g6 4. Bg2 Bg7 5. 0-0 e5 6. Nc3 d6 7. d3 Nge7 8. Bd2 0-0 9. Rb1 h6 10. a3 a5 11. Nb5 d5 12. cxd5 Nxd5 13. Qc1 Qb6 14. Nc3 Nxc3 15. bxc3 Qa6 16. Bxh6 Re8 17. Qg5 c4 18. Nh4 Bxh6 19. Qxh6 Ne7 20. dxc4 Qxc4 21. Bxb7 Bxb7 22. Rxb7 Qxe2 23. Qg5 Qh5 24. Qf6 g5 25. Nf3 Nd5 26. Qxg5+ Qxg5 27. Nxg5 Nxc3 28. Nxf7 Ra6 29. Re1 e4 30. Ng5 Rc6 31. Kg2 Rc5 32. h4 Rc4 33. Kh3 Rf8 34. Kg2 Re8 35. Kh3 Rd8 36. Kg2 Rdd4 37. h5 Rc6 38. g4 1-0

[Event "BUL-ch (Women)"]
[Site "Panagyurishte"]
[Date "2012.04.27"]
[Round "8"]
[White "Tsekova, Viktoria"]
[Black "Yordanova, Svetla"]
[Result "0-1"]
[WhiteElo "1876"]
[BlackElo "2116"]
[PlyCount "68"]
[EventDate "2012.04.20"]
[EventType "tourn"]
[EventRounds "9"]
[EventCountry "BUL"]
[SourceTitle "CBM 148 Extra"]
[Source "ChessBase"]
[SourceDate "2012.06.22"]
[SourceVersion "1"]
[SourceVersionDate "2012.06.22"]
[SourceQuality "1"]

1. Nf3 c5 2. g3 Nf6 3. Bg2 Nc6 4. c4 d5 5. cxd5 Nxd5 6. 0-0 e5 7. Nc3 Nc7 8. d3 Be7 9. Be3 Bd7 10. Nd2 0-0 11. Nc4 f6 12. Qb3 Kh8 13. Ne4 b6 14. a4 Rb8 15. f4 Nd5 16. Bd2 Nd4 17. Qd1 Bg4 18. Rf2 exf4 19. gxf4 Qd7 20. Ng3 Nc7 21. Ne3 Be6 22. Nc4 Rbd8 23. b3 Rfe8 24. Be4 Bd5 25. Rg2 Bf8 26. Rb1 Qh3 27. Qf1 Nxb3 28. Rxb3 Bxc4 29. dxc4 Rxe4 30. Nxe4 Qxb3 31. Rg3 Qxc4 32. Qg2 Rd4 33. Rc3 Qe6 34. Rd3 Qxe4 0-1

[Event "BUL-ch (Women)"]
[Site "Panagyurishte"]
[Date "2012.04.26"]
[Round "7"]
[White "Genova, Liubka"]
[Black "Tsekova, Viktoria"]
[Result "1-0"]
[WhiteElo "2259"]
[BlackElo "1876"]
[PlyCount "85"]
[EventDate "2012.04.20"]
[EventType "tourn"]
[EventRounds "9"]
[EventCountry "BUL"]
[SourceTitle "CBM 148 Extra"]
[Source "ChessBase"]
[SourceDate "2012.06.22"]
[SourceVersion "1"]
[SourceVersionDate "2012.06.22"]
[SourceQuality "1"]

1. b3 e5 2. Bb2 Nc6 3. c4 Nf6 4. e3 Be7 5. d3 d6 6. Nf3 0-0 7. Be2 h6 8. Nbd2 Bf5 9. Qc2 Qd7 10. a3 a5 11. Bc3 Rfe8 12. 0-0 Bf8 13. e4 Be6 14. h3 Ne7 15. d4 exd4 16. Nxd4 Nc6 17. Nxe6 Rxe6 18. f4 Rae8 19. Bf3 b6 20. Rad1 Nd8 21. Qb2 Nxe4 22. Nxe4 Rxe4 23. Bxe4 Rxe4 24. Rde1 Rxe1 25. Rxe1 Qf5 26. Qb1 Qxf4 27. Qe4 Qg5 28. b4 axb4 29. axb4 Ne6 30. Rf1 Qe7 31. Ra1 Qg5 32. Be1 Nf4 33. Kh1 Ne6 34. Bh4 Qd2 35. b5 Qd4 36. Qxd4 Nxd4 37. Bd8 d5 38. Bxc7 dxc4 39. Bxb6 Nxb5 40. Ra8 c3 41. Bc5 c2 42. Rxf8+ Kh7 43. Be3 1-0

[Event "BUL-ch (Women)"]
[Site "Panagyurishte"]
[Date "2012.04.23"]
[Round "4"]
[White "Tsekova, Viktoria"]
[Black "Galunova, Tsveta"]
[Result "0-1"]
[WhiteElo "1876"]
[BlackElo "2046"]
[PlyCount "52"]
[EventDate "2012.04.20"]
[EventType "tourn"]
[EventRounds "9"]
[EventCountry "BUL"]
[SourceTitle "CBM 148 Extra"]
[Source "ChessBase"]
[SourceDate "2012.06.22"]
[SourceVersion "1"]
[SourceVersionDate "2012.06.22"]
[SourceQuality "1"]

1. Nf3 d5 2. c4 c6 3. g3 Nf6 4. Bg2 dxc4 5. Na3 b5 6. Ne5 Qc7 7. d4 Bb7 8. Bf4 Qa5+ 9. Bd2 Qb6 10. Nc2 e6 11. a4 c5 12. Bxb7 Qxb7 13. 0-0 a6 14. Ba5 Nc6 15. Nxc6 Qxc6 16. Qd2 Bd6 17. Rfd1 0-0 18. dxc5 Bxc5 19. Nd4 Qb7 20. Qg5 Ne4 21. Qf4 Rfe8 22. Qf3 e5 23. Nf5 Bxf2+ 24. Kg2 Bc5 25. Rd2 Rab8 26. Rad1 Nxd2 0-1

[Event "BUL-ch (Women)"]
[Site "Panagyurishte"]
[Date "2012.04.21"]
[Round "2"]
[White "Chilingirova, Pavlina"]
[Black "Tsekova, Viktoria"]
[Result "1-0"]
[WhiteElo "2109"]
[BlackElo "1876"]
[PlyCount "69"]
[EventDate "2012.04.20"]
[EventType "tourn"]
[EventRounds "9"]
[EventCountry "BUL"]
[SourceTitle "CBM 148 Extra"]
[Source "ChessBase"]
[SourceDate "2012.06.22"]
[SourceVersion "1"]
[SourceVersionDate "2012.06.22"]
[SourceQuality "1"]

1. c4 Nf6 2. g3 d5 3. cxd5 Nxd5 4. Bg2 g6 5. Nc3 Nb6 6. d3 Bg7 7. h4 h5 8. Nh3 Nc6 9. Bxc6+ bxc6 10. Ng5 0-0 11. Bd2 Rb8 12. Qc1 Nd5 13. 0-0 Bg4 14. Re1 Be5 15. Nge4 f5 16. Ng5 f4 17. Nce4 Bxb2 18. Qxc6 Rb6 19. Qc4 Bxa1 20. Rxa1 e6 21. f3 Bf5 22. gxf4 Bxe4 23. Qxe4 Qf6 24. Rd1 c5 25. Kf2 Qd4+ 26. e3 Qxe4 27. dxe4 Nb4 28. Bc3 Nxa2 29. Be5 Rc8 30. Rd7 Kf8 31. Nh7+ Ke8 32. Rxa7 c4 33. Nf6+ Kf8 34. Nd7+ Ke8 35. Nxb6 1-0

[Event "BUL-ch sf (Women) 61st"]
[Site "Plovdiv"]
[Date "2012.02.11"]
[Round "8"]
[White "Tsekova, Viktoria"]
[Black "Salimova, Nurgyul"]
[Result "1-0"]
[WhiteElo "1859"]
[BlackElo "1737"]
[PlyCount "79"]
[EventDate "2012.02.06"]
[EventType "tourn"]
[EventRounds "9"]
[EventCountry "BUL"]
[SourceTitle "CBM 146 Extra"]
[Source "ChessBase"]
[SourceDate "2012.02.29"]
[SourceVersion "1"]
[SourceVersionDate "2012.02.29"]
[SourceQuality "1"]

1. Nf3 Nc6 2. d4 e6 3. g3 Nf6 4. Bg2 d5 5. 0-0 Be7 6. c4 0-0 7. Ne5 Nb8 8. Nc3 c6 9. Bf4 Nbd7 10. Qd3 Re8 11. Rad1 Nf8 12. e4 dxe4 13. Nxe4 Ng6 14. Nxg6 hxg6 15. Nc3 Bd6 16. Bg5 Be7 17. Qf3 Nh7 18. Be3 Bg5 19. d5 cxd5 20. cxd5 Qe7 21. d6 Qd7 22. Ne4 Bxe3 23. fxe3 b6 24. Nc5 bxc5 25. Qxa8 Ba6 26. Qc6 Qxc6 27. Bxc6 Rd8 28. Rf2 Nf6 29. Rc2 c4 30. h3 e5 31. b3 cxb3 32. axb3 e4 33. Rd4 Bd3 34. Rc5 Kf8 35. Ba4 Ba6 36. Rc7 Ra8 37. d7 Rd8 38. Rxa7 Bd3 39. Rc7 Ba6 40. Rd6 1-0

[Event "BUL-ch op (Women)"]
[Site "Vratsa"]
[Date "2011.07.28"]
[Round "5"]
[White "Tsekova, Viktoria"]
[Black "Chilingirova, Pavlina"]
[Result "0-1"]
[WhiteElo "1853"]
[BlackElo "2147"]
[PlyCount "128"]
[EventDate "2011.07.25"]
[EventType "swiss"]
[EventRounds "9"]
[EventCountry "BUL"]
[SourceTitle "CBM 143 Extra"]
[Source "ChessBase"]
[SourceDate "2011.08.29"]
[SourceVersion "1"]
[SourceVersionDate "2011.08.29"]
[SourceQuality "1"]

1. Nf3 c5 2. g3 Nc6 3. d4 cxd4 4. Nxd4 g6 5. Bg2 Bg7 6. Nxc6 bxc6 7. c4 Qa5+ 8. Nd2 Rb8 9. Qc2 Nf6 10. 0-0 c5 11. Nf3 d6 12. e4 Nd7 13. Bd2 Qb6 14. Rab1 0-0 15. Bc3 Bxc3 16. Qxc3 Bb7 17. Rfe1 Bc6 18. Qd2 Qb7 19. Qh6 Rfe8 20. h4 Nf8 21. Ng5 f6 22. Nh3 e5 23. Qd2 Red8 24. g4 Ne6 25. f4 Nd4 26. Kh2 Re8 27. f5 Qg7 28. Rg1 Kh8 29. Rbf1 Rg8 30. g5 Rbf8 31. Bh1 Bd7 32. gxf6 Rxf6 33. h5 Qf8 34. hxg6 hxg6 35. fxg6 Kg7 36. Rxf6 Qxf6 37. Qg5 Rh8 38. Qxf6+ Kxf6 39. Rg3 Rxh3+ 40. Rxh3 Bxh3 41. Kxh3 Kxg6 42. Kg4 a5 43. Bg2 Nc2 44. Kf3 Nb4 45. a3 Nd3 46. b3 Nc1 47. Ke3 Nxb3 48. Kd3 Kg5 49. Bh3 Kf4 50. Bd7 Nd4 51. Bc8 Nf3 52. Bb7 Ng5 53. Bc6 Kf3 54. Bb7 Nh3 55. Kc3 Ke3 56. Kb3 Nf2 57. Ka4 Nxe4 58. Kxa5 Nc3 59. Kb6 Kd4 60. Kc6 e4 61. Kxd6 e3 62. Bf3 Kxc4 63. Ke5 e2 64. Bxe2+ Nxe2 0-1

[Event "BUL-chT (Women) 44th"]
[Site "Albena"]
[Date "2011.06.03"]
[Round "2.1"]
[White "Tsekova, Viktoria"]
[Black "Yordanova, Svetla"]
[Result "1/2-1/2"]
[WhiteElo "1845"]
[BlackElo "2137"]
[PlyCount "67"]
[EventDate "2011.06.02"]
[EventType "team-tourn"]
[EventRounds "7"]
[EventCountry "BUL"]
[SourceTitle "CBM 142 Extra"]
[Source "ChessBase"]
[SourceDate "2011.06.27"]
[SourceVersion "1"]
[SourceVersionDate "2011.06.27"]
[SourceQuality "1"]
[WhiteTeam "Blagoevgrad Victory (W)"]
[BlackTeam "Plovdiv Lokomotiv (W)"]
[WhiteTeamCountry "BUL"]
[BlackTeamCountry "BUL"]

1. Nf3 d5 2. g3 Nf6 3. Bg2 e6 4. 0-0 Be7 5. d4 0-0 6. c4 dxc4 7. Ne5 Nc6 8. Bxc6 bxc6 9. Nxc6 Qe8 10. Nxe7+ Qxe7 11. Qa4 a5 12. Qxc4 Ba6 13. Qc2 Rfd8 14. Rd1 c5 15. dxc5 Rxd1+ 16. Qxd1 Qxc5 17. Be3 Qb5 18. Qd2 Qxe2 19. Qxe2 Bxe2 20. Kg2 Ng4 21. Nc3 Ba6 22. h3 Bb7+ 23. Kf1 Nh2+ 24. Ke2 Rb8 25. b3 Ba6+ 26. Kd2 Rc8 27. Kc2 Nf3 28. Rd1 h5 29. Bb6 a4 30. Rd8+ Rxd8 31. Bxd8 axb3+ 32. axb3 Nd4+ 33. Kb2 e5 34. Bc7 1/2-1/2

[Event "BUL-ch op (Women) 20th"]
[Site "Vratsa"]
[Date "2010.07.27"]
[Round "4"]
[White "Tsekova, Viktoria"]
[Black "Voiska, Margarita"]
[Result "0-1"]
[WhiteElo "1834"]
[BlackElo "2330"]
[PlyCount "82"]
[EventDate "2010.07.25"]
[EventType "swiss"]
[EventRounds "9"]
[EventCountry "BUL"]
[SourceTitle "CBM 137 Extra"]
[Source "ChessBase"]
[SourceDate "2010.09.01"]
[SourceVersion "1"]
[SourceVersionDate "2010.09.01"]
[SourceQuality "1"]

1. e4 c6 2. d4 Na6 3. Nf3 d6 4. a4 Nf6 5. Nc3 Nb4 6. Bd2 Bg4 7. Ne2 a5 8. Ng3 e5 9. c3 Na6 10. Qb3 Qc7 11. Bc4 Bxf3 12. gxf3 g6 13. h4 h5 14. f4 Bh6 15. fxe5 Bxd2+ 16. Kxd2 dxe5 17. Rad1 Ng4 18. Ke2 0-0 19. Rhg1 Kh7 20. f3 Nf6 21. dxe5 Nc5 22. Qa2 Ne8 23. f4 Ng7 24. Rdf1 Rad8 25. Rf2 Qd7 26. Kf3 Qg4+ 27. Ke3 Qxh4 28. b4 axb4 29. cxb4 Nce6 30. Bxe6 fxe6 31. Ne2 Rd3+ 32. Kxd3 Qxf2 33. Qc4 Rxf4 34. Nxf4 Qxg1 35. Nxe6 Qf1+ 36. Kd4 Qxc4+ 37. Kxc4 Nxe6 38. b5 h4 39. b6 h3 40. a5 h2 41. a6 h1Q 0-1

[Event "BUL-ch U20 Girls"]
[Site "Sofia"]
[Date "2010.03.09"]
[Round "2"]
[White "Tsekova, Viktoria"]
[Black "Venkova, Polina"]
[Result "1-0"]
[WhiteElo "1860"]
[BlackElo "1818"]
[PlyCount "70"]
[EventDate "2010.03.08"]
[EventType "tourn"]
[EventRounds "9"]
[EventCountry "BUL"]
[SourceTitle "CBM 135 Extra"]
[Source "ChessBase"]
[SourceDate "2010.05.04"]
[SourceVersion "1"]
[SourceVersionDate "2010.05.04"]
[SourceQuality "1"]

1. Nf3 Nf6 2. g3 g6 3. Bg2 d5 4. 0-0 Bg7 5. d3 0-0 6. Nbd2 Nbd7 7. e4 dxe4 8. Nxe4 Nxe4 9. dxe4 Nc5 10. Qe2 c6 11. Rd1 Qc7 12. c3 b6 13. Qc2 Bb7 14. Be3 Nd7 15. Rd2 Rad8 16. Rad1 Ne5 17. Nxe5 Bxe5 18. f4 Bg7 19. Bh3 Bc8 20. Bxc8 Qxc8 21. Rd3 Rxd3 22. Qxd3 Qg4 23. Kg2 Qe6 24. b3 Ra8 25. f5 gxf5 26. exf5 Qd5+ 27. Qxd5 cxd5 28. Rxd5 Bxc3 29. Kf3 Bf6 30. Ke4 Rb8 31. Rd7 a5 32. Kd5 b5 33. Ra7 Bc3 34. Rxe7 Kf8 35. Rc7 Rd8+ 1-0